| 000 | 02763cam a22006134i 4500 | ||
|---|---|---|---|
| 003 | PE-LiUPU | ||
| 005 | 20250731180058.0 | ||
| 008 | 150617s1989 mx r 000 0 spa d | ||
| 020 | _a9684225571 | ||
| 020 | _a9789684225572 | ||
| 035 | _a(Sirsi) i9789684225572 | ||
| 040 |
_aPE-LiUPU _bspa _cPE-LiUPU _erda |
||
| 049 | _aPRUA | ||
| 082 | 0 | 4 |
_a547 _bS83 _221 |
| 100 | 1 |
_aStreitwieser, Andrew, _eautor. |
|
| 245 | 1 | 0 |
_aQuímica orgánica / _cAndrew Streitwieser, Clayton H. Heathcock ; tr. Francisco Bermejo González. |
| 264 | 1 |
_aMéxico : _bMcGraw-Hill, _c1989. |
|
| 300 |
_a1297 páginas : _bilustraciones ; _c24 centímetros |
||
| 336 |
_atext _2rdacontent |
||
| 337 |
_aunmediated _2rdamedia |
||
| 338 |
_avolume _2rdacarrier |
||
| 504 | _aÍndice: páginas 1257-1297. | ||
| 505 | 0 | _aEstructura electrónica y enlace -- Estructuras orgánicas -- Reacciones orgánicas -- Alcanos -- Reacciones de los alcanos -- Sustitución nucleófila -- Alcoholes y éteres -- Alquenos -- Alquinos y nitrilos -- Aldehídos y cetonas -- Síntesis orgánica -- Ácidos carboxílicos -- Conjugación -- Teoría de los orbitales moleculares -- Aminas -- Otras funciones nitrogenadas -- Compuestos disfuncionales -- Hidratos de carbono -- Compuestos heterocíclicos -- Espectrometría de masas -- La bibliografía química -- Temas especiales. | |
| 526 | _aSEG44 | ||
| 526 | _aSEG26 | ||
| 526 | _aP159 | ||
| 526 | _aP155 | ||
| 526 | _aP154 | ||
| 526 | _aP153 | ||
| 526 | _aP150 | ||
| 526 | _aP100 | ||
| 526 | _aP31 | ||
| 526 | _aP30 | ||
| 526 | _aP26 | ||
| 526 | _aP25 | ||
| 526 | _aP24 | ||
| 526 | _aP22 | ||
| 526 | _aP15 | ||
| 526 | _aP10 | ||
| 650 | 0 | 4 |
_aQuímica orgánica. _92142 |
| 700 | 1 |
_aBermejo González, Francisco, _etraductor. |
|
| 700 | 1 |
_aHeathcock, Clayton H, _eautor. |
|
| 910 |
_ajck _bjvq _cjck _d20150616 |
||
| 910 |
_adbm _bncf _cncf _d20190430 |
||
| 942 |
_2ddc _cBOOK |
||
| 949 |
_a547.3 S83 _wDEWEY _c1 _i35328 _lCCODEBUL1 _mBUL _r0 _sY _tBOOK _u2015-6-17 _xINGENIERIA _zUNKNOWN _0COMPRA _o.STAFF. Colección Ingerniería y Arquitectura |
||
| 949 |
_a547.3 S83 _wDEWEY _c2 _i35327 _lCCODEBUL1 _mBUL _r0 _sY _tBOOK _u2015-6-17 _xINGENIERIA _zUNKNOWN _0COMPRA _o.STAFF. Colección General |
||
| 994 |
_aC0 _bPEPRU |
||
| 596 | _a1 | ||
| 999 |
_a547 S83 _wDEWEY _c10602 _i35328 _d10602 _f2021-11-9 _g8 _lCCODEBUL1 _mBUL _p55.00 _q7 _r0 _sY _tBOOK _u2015-6-17 _xINGENIERIA _PP26 _0COMPRA _o.STAFF. Colección Ingerniería y Arquitectura |
||
| 999 |
_a547 S83 _wDEWEY _c2 _i35327 _d2019-10-29 _e2018-11-22 _f2021-11-5 _g7 _lCCODEBUL1 _mBUL _n3 _q6 _r0 _sN _tBOOK _u2015-6-17 _xBIBLIOTECA _zUNKNOWN _0COMPRA _o.STAFF. Colección General |
||
| 980 |
_81 _gALBERTO SANCHEZ Responsable de Automatización |
||